000 00323nam a2200145Ia 4500
100 _aRees/Paul K/Sparks/Fred W
942 _cBK
654 _acalculus
245 _aCalculus With analytic Geometry
260 _bMcGraw Hill
_aNewyork
_c1969
082 _a515.15
_bRee
300 _a617
546 _aENGLISH
999 _c31084
_d31084